000 00877cab a2200277 4500
001 WB3107-30
008 090401t1995 xxu||||| |||| 00| 0 eng d
035 _a(Sirsi) u3350
041 _aeng
245 _aGerman court rejects property claims
260 _c1995
350 _a0
490 _aFinancial Times
_v14 February 1995, 2; Daily Telegraph 15 February 1
520 _aOwners of property confiscated by the Soviet administration governing East Germany between 1945 and 1949 will not receive compensation. Those seeking compensation will appeal.
650 _aCOMPENSATION
650 _aCONFISCATED
650 _aEAST GERMANY
650 _aGERMAN UNIFICATION TREATY
650 _aGERMANY
650 _aPROPERTY RIGHTS
650 _aRESTITUTION
690 _aOVERSEAS-EUROPE
690 _aPROPERTY LAW AND PRACTICE
942 _n0
948 _c04/03/1997
999 _c2054
_d2054